Statistics for ISM Vocabulary Words Quiz

Click here to take the quiz!

General Stats

  • This quiz has been taken 316 times
  • The average score is 7 of 31

Answer Stats

HintAnswer% Correct
Free enterprise systemCapitalism
66%
Favoring family instead of meritNepotism
56%
Fatal disease contracted by spoiled foodsBotulism
49%
Jewish nationalismZionism
46%
Investigation and report of eventsJournalism
42%
Skepticism regarding God and knowledgeAgnosticism
39%
SleepwalkingSomnambulism
36%
Activist movement concerned with ecologyEnvironmentalism
33%
All phenomena can be explained by natural causesNaturalism
33%
Enduring pain without emotionStoicism
33%
Belief in a pantheon of GodsPolytheism
32%
The opposite of egoismAltruism
28%
Sometimes sexual obsession towards objectsFetishism
24%
Focus on practice instead of theoryPragmatism
24%
City planningUrbanism
20%
Sugarcoating wordsEuphemism
16%
Often secretive practices of magic, astrology, divination, etcOccultism
15%
Re-examination of historical establishmentRevisionism
13%
Pseudoscience based in religious cosmogenyCreationism
12%
Belief that Man is the center of the UniverseAnthropocentrism
8%
Striving to overcome mediocrityPerfectionism
8%
Shopaholic behaviourConsumerism
7%
Ritualistic tribal practice employing psychotropicsShamanism
7%
Exaggerated delusional patriotismChauvinism
6%
Self-evident and obviousTruism
6%
Inability to readAnalphabetism
5%
Communism, socialism and Leninism are forms ofCollectivism
5%
Separation of government institutionsSecularism
4%
A deceptive argument. Socratic method.Sophism
4%
CausalityDeterminism
3%
CoincidenceSynchronism
1%

Score Distribution

Percentile by Number Answered

Percent of People with Each Score

Your Score History

You have not taken this quiz